Ultimate Capitals Quiz - Statistics

General Stats
  • This quiz has been taken 485 times
    481 since last reset
  • The average score is 185 of 302
Answer Stats
Capital Country % Correct
Abu Dhabi United Arab Emirates
92%
Algiers Algeria
89%
Addis Ababa Ethiopia
88%
Amsterdam Netherlands
88%
Andorra la Vella Andorra
87%
Abuja Nigeria
87%
Ankara Turkey
87%
Accra Ghana
86%
Athens Greece
86%
Baghdad Iraq
85%
Bangkok Thailand
85%
Amman Jordan
84%
Asunción Paraguay
83%
Brasilia Brazil
82%
Paris France
82%
Dublin Ireland
82%
Niamey Niger
82%
Madrid Spain
82%
Washington, D.C United States
82%
Canberra Australia
81%
Brussels Belgium
81%
Beijing China
81%
Cairo Egypt
81%
Berlin Germany
81%
Moscow Russia
81%
Bern Switzerland
81%
Baku Azerbaijan
80%
Ottawa Canada
80%
Bogota Colombia
80%
Copenhagen Denmark
80%
Budapest Hungary
80%
New Delhi India
80%
Tehran Iran
80%
Astana Kazakhstan
80%
Beirut Lebanon
80%
Mexico City Mexico
80%
Panama City Panama
80%
Lima Peru
80%
Lisbon Portugal
80%
Belgrade Serbia
80%
Stockholm Sweden
80%
Ashgabat Turkmenistan
80%
Vienna Austria
79%
Helsinki Finland
79%
Reykjavik Iceland
79%
Tokyo Japan
79%
Luxembourg Luxembourg
79%
Antananarivo Madagascar
79%
Monaco Monaco
79%
Oslo Norway
79%
Warsaw Poland
79%
Bucharest Romania
79%
Riyadh Saudi Arabia
79%
Kyiv Ukraine
79%
London United Kingdom
79%
Vatican City Vatican City
79%
Nassau Bahamas
78%
Sarajevo Bosnia and Herzegovina
78%
Santiago Chile
78%
Zagreb Croatia
78%
Havana Cuba
78%
Prague Czechia
78%
San Salvador El Salvador
78%
Guatemala City Guatemala
78%
Bissau Guinea-Bissau
78%
Jakarta Indonesia
78%
Jerusalem Israel
78%
Rome Italy
78%
Nairobi Kenya
78%
Kuwait City Kuwait
78%
Wellington New Zealand
78%
Muscat Oman
78%
Manila Philippines
78%
Doha Qatar
78%
San Marino San Marino
78%
Singapore Singapore
78%
Bratislava Slovakia
78%
Seoul South Korea
78%
Damascus Syria
78%
Taipei Taiwan
78%
Tunis Tunisia
78%
Montevideo Uruguay
78%
Hanoi Vietnam
78%
Kabul Afghanistan
77%
Minsk Belarus
77%
Sofia Bulgaria
77%
Djibouti Djibouti
77%
Tallinn Estonia
77%
Port-au-Prince Haiti
77%
Kingston Jamaica
77%
Riga Latvia
77%
Vilnius Lithuania
77%
Kuala Lumpur Malaysia
77%
Bamako Mali
77%
Belfast Northern Ireland
77%
Pyongyang North Korea
77%
Islamabad Pakistan
77%
Sana'a Yemen
77%
La Paz/Sucre Bolivia
76%
Phnom Penh Cambodia
76%
Kinshasa Democratic Republic of the Congo
76%
Santo Domingo Dominican Republic
76%
Quito Ecuador
76%
Valetta Malta
76%
Chișinău Moldova
76%
Kathmandu Nepal
76%
Skopje North Macedonia
76%
Apia Samoa
76%
Edinburgh Scotland
76%
Ljubljana Slovenia
76%
Pretoria South Africa
76%
Sri Jayawardenepura Kotte Sri Lanka
76%
Cardiff Wales
76%
Tirana Albania
75%
Dhaka Bangladesh
75%
Bridgetown Barbados
75%
Belmopan Belize
75%
Bandar Seri Begawan Brunei
75%
Nicosia Cyprus
75%
Conakry Guinea
75%
Tegucigalpa Honduras
75%
Vaduz Liechtenstein
75%
Ulaanbaatar Mongolia
75%
Brazzaville Republic of the Congo
75%
São Tomé São Tomé and Príncipe
75%
Khartoum Sudan
75%
Tashkent Uzbekistan
75%
Yerevan Armenia
74%
Asmara Eritrea
74%
Tbilisi Georgia
74%
Bishkek Kyrgyzstan
74%
Vientiane Laos
74%
Monrovia Liberia
74%
Tripoli Libya
74%
Managua Nicaragua
74%
Mogadishu Somalia
74%
Bangui Central African Republic
73%
N'Djamena Chad
73%
Cayenne French Guiana
73%
Yamoussoukro Ivory Coast
73%
Pristina Kosovo
73%
Paramaribo Suriname
73%
Dushanbe Tajikistan
73%
San José Costa Rica
72%
Hong Kong Hong Kong
72%
Podgorica Montenegro
72%
Naypyidaw Myanmar
72%
Dakar Senegal
72%
Port-of-Spain Trinidad and Tobago
72%
Luanda Angola
71%
Thimphu Bhutan
71%
Roseau Dominica
71%
Suva Fiji
71%
Malé Maldives
71%
Windhoek Namibia
71%
Castries Saint Lucia
71%
Juba South Sudan
71%
Lomé Togo
71%
Kampala Uganda
71%
Harare Zimbabwe
71%
Ouagadougou Burkina Faso
70%
Yaoundé Cameroon
70%
Dili East Timor
70%
Banjul Gambia
70%
Nouakchott Mauritania
70%
Kigali Rwanda
70%
Basseterre Saint Kitts and Nevis
70%
Victoria Seychelles
70%
Freetown Sierra Leone
70%
Nuku'alofa Tonga
70%
Funafuti Tuvalu
70%
Manama Bahrain
69%
Gaborone Botswana
69%
Praia Cape Verde
69%
Barcelona Catalonia
69%
Nuuk Greenland
69%
Maseru Lesotho
69%
Maputo Mozambique
69%
Ngerulmud Palau
69%
Dodoma Tanzania
69%
Port Vila Vanuatu
69%
Lusaka Zambia
69%
Pago Pago American Samoa
68%
Porto-Novo Benin
68%
Gitega Burundi
68%
Moroni Comoros
68%
Libreville Gabon
68%
Georgetown Guyana
68%
Macau Macau
68%
Lilongwe Malawi
68%
Majuro Marshall Islands
68%
Port Moresby Papua New Guinea
68%
Honiara Solomon Islands
68%
Malabo Equatorial Guinea
67%
Mbabane Eswatini
67%
Palikir Micronesia
67%
Yaren Nauru
67%
Kingstown Saint Vincent and the Grenadines
67%
Gibraltar Gibraltar
66%
South Tarawa Kiribati
66%
St. John's Antigua and Barbuda
65%
Port-Louis Mauritius
65%
Palermo Sicily
65%
Zanzibar City Zanzibar
65%
St. George's Grenada
64%
San Juan Puerto Rico
64%
Ramallah Palestine
63%
Ajaccio Corsica
62%
London England
62%
Lhasa Tibet
58%
Douglas Isle of Man
57%
Cagliari Sardinia
56%
Oranjestad Aruba
55%
Las Palmas Canary Islands
51%
Sevastopol Crimea
50%
Stanley Falkland Islands
48%
Willemstad Curaçao
47%
Tórshavn Faroe Islands
47%
Pape'ete French Polynesia
47%
Hamilton Bermuda
45%
St. Helier Jersey
45%
Basse-Terre Guadeloupe
44%
North Nicosia Northern Cyprus
44%
Seville Andalusia
43%
Hagåtña Guam
43%
St. Peter Port Guernsey
43%
Fort-de-France Martinique
43%
Charlotte Amalie United States Virgin Islands
43%
Marigot Saint Martin
41%
St. Pierre Saint-Pierre and Miquelon
41%
Road Town British Virgin Islands
40%
Ceuta Ceuta
40%
Donetsk Donetsk
40%
Nouméa New Caledonia
40%
Funchal Madeira
39%
Melilla Melilla
39%
Avarua Cook Islands
38%
Alofi Niue
38%
Saint-Denis Réunion
38%
George Town Cayman Islands
37%
Erbil Kurdistan
37%
Flying Fish Cove Christmas Island
36%
Luhansk Luhansk
36%
Cockburn Town Turks and Caicos Islands
36%
Kralendijk Bonaire
35%
Saipan Northern Mariana Islands
35%
Adamstown Pitcairn Islands
35%
Hanga Roa Easter Island
34%
Laayoune Sahrawi Arab Democratic Republic
34%
Vitoria-Gasteiz Basque
33%
Grozny Chechnya
33%
Mamoudzou Mayotte
33%
Brades Montserrat
33%
The Valley Anguilla
32%
Ponta Delgada Azores
32%
Rennes Brittany
32%
Lerwick Shetland
32%
Jamestown Saint Helena
31%
Tskhinvali South Ossetia
31%
Tiraspol Transnistria
31%
Mariehamn Åland Islands
30%
Hargeisa Somaliland
30%
Georgetown Ascension Island
29%
Kirkwall Orkney
29%
Gustavia Saint Barthélemy
29%
Sukhumi Abkhazia
28%
Santiago de Compostela Galicia
28%
Kingston Norfolk Island
27%
Edinburgh of the Seven Seas Tristan da Cunha
26%
West Island Cocos Islands
25%
Matā'utu Wallis and Futuna
23%
Sark Sark
22%
Nukunonu Tokelau
22%
The Bottom Saba
20%
Oranjestad Sint Eustatius
20%
Kazan Tatarstan
20%
Novi Sad Vojvodina
20%
Banja Luka Republika Srpska
19%
Camp Thunder Cove British Indian Ocean Territory
17%
Buka Bougainville
15%
Herm Herm
14%
Palikir Pohnpei
14%
Stepanakert Artsakh
13%
Rothera British Antarctic Territory
12%
Ürümqi East Turkestan
12%
Ufa Bashkortostan
11%
Weno Chuuk
11%
Petrozavodsk Karelia
11%
St. Anne Alderney
10%
Garowe Puntland
10%
King Edward Point South Georgia and the South Sandwich Islands
10%
Comrat Gagauzia
9%
Waitangi Chatham Islands
8%
Nukus Karakalpakstan
8%
Willemstad Netherlands Antilles
8%
Colonia Yap
8%
Tofol Kosrae
7%
Dumont d'Urville Station French Southern and Antarctic Lands
6%
San Juan Bautista Juan Fernandez Islands
6%
Scott Base Ross Dependency
5%
Buea Ambazonia
4%
Cotabato City Bangsamoro
4%
No matching quizzes found
Score Distribution
Percent of People with Each Score
Percentile by Number Answered
Your Score History
You have not taken this quiz since the last reset